Archaeology Hand Book (Record no. 6471)
[ view plain ]
| 000 -LEADER | |
|---|---|
| fixed length control field | 00206nam a22000857a 4500 |
| 008 - FIXED-LENGTH DATA ELEMENTS--GENERAL INFORMATION | |
| fixed length control field | 170527b xxu||||| |||| 00| 0 eng d |
| 100 ## - MAIN ENTRY--PERSONAL NAME | |
| 9 (RLIN) | 3168 |
| Personal name | Swindoll.L.R. |
| 245 ## - TITLE STATEMENT | |
| Title | Archaeology Hand Book |
| 260 ## - PUBLICATION, DISTRIBUTION, ETC. (IMPRINT) | |
| Place of publication, distribution, etc. | USA |
| Date of publication, distribution, etc. | 2008 |
| Withdrawn status | Lost status | Source of classification or shelving scheme | Damaged status | Koha normalized classification for sorting | Not for loan | Home library | Current library | Shelving location | Date acquired | Total Checkouts | Full call number | Barcode | Date last seen | Price effective from | Koha item type |
|---|---|---|---|---|---|---|---|---|---|---|---|---|---|---|---|
| Dewey Decimal Classification | 930_100000000000000 | Good Samaritan School Library | Good Samaritan School Library | GENERAL | 05/27/2017 | 930.1 | SWI8150 | 05/27/2017 | 05/27/2017 | BOOK |